| 000 | 00616cam a2200217 4500 | ||
|---|---|---|---|
| 001 | 45006 | ||
| 010 | _a9722505262 | ||
| 021 | _b49139/91 | ||
| 090 | _a45006 | ||
| 100 | _a19920128d1991 bc y0pory5003 ba | ||
| 101 | 1 | _apor | |
| 102 | _aPT | ||
| 200 | 1 |
_aQuem fica comigo logo à noite? _fVéronique Chéneau _gtrad. Carmen de Carvalho |
|
| 210 | 9 |
_aVenda Nova _cBertrand, _dimp. 1991 |
|
| 215 |
_a[16] p. _cmuito il. _d23 cm |
||
| 304 | _aTít. orig.: Qui me garde ce soir? | ||
| 675 |
_a087.5 _vBN _zpor |
||
| 700 | 1 |
_aCheneau, _bVéronique, _f1961- |
|
| 702 | 1 |
_aCarvalho, _bCarmen de _4730 |
|
| 801 | 0 |
_aPT _bBN _gRPC |
|
| 990 | _cLIVROS | ||